| 000 -ლიდერი |
| ფიქსირებული სიგრძის საკონტროლო ველი |
01939nam a22002297a 4500 |
| 003 - საკონტროლო ნომრის იდენტიფიკატორი |
| საკონტროლო ველი |
Ge_BSU |
| 005 - ბოლო ოპერაციის თარიღი და დრო |
| საკონტროლო ველი |
20230707114708.0 |
| 008 - ფიქსირებული სიგრძის მონაცემთა ელემენტები - ზოგადი ინფორმაცია |
| ფიქსირებული სიგრძის საკონტროლო ველი |
230707s1979ge xxu||||| |||| 00| 0 geo d |
| 041 ## - ენის კოდი |
| Language code of text/sound track or separate title |
geo |
| 080 ## - უნივერსალური ათობითი კლასიფიკაციის ინდექსი |
| Universal Decimal Classification number |
94(479.22)"03/06+32(479.22) ბ-79 |
| 100 ## - მთავარი ჩანაწერი - პიროვნების სახელი |
| Personal name |
ბოგვერაძე, ანრი, ავტორი |
| 9 (RLIN) |
19191 |
| 245 ## - ცნობა სათაურის შესახებ |
| Title |
ქართლის პოლიტიკური და სოციალურ-ეკონომიკური განვითარება IV-VIII საუკუნეებში / |
| Remainder of title |
|
| Statement of responsibility, etc |
ა. ბოგვერაძე ; რედ. მ. დუმბაძე ; მხატვარი მ. თალაკვაძე |
| 264 ## - წარმოების, გამოცემის, დისტრიბუციის და სხვა ცნობები |
| გამოცემის, წარმოების, დისტრიბუციის... ადგილი |
თბილისი : |
| გამოცემის, წარმოების, დისტრიბუციის... სახელწოდება |
მეცნიერება, |
| გამოცემის, წარმოების, დისტრიბუციის... თარიღი |
1979. |
| 300 ## - ფიზიკური აღწერა |
| Extent |
232 გვ. ; |
| Other physical details |
22 სმ. |
| 504 ## - BIBLIOGRAPHY, ETC. NOTE |
| Bibliography, etc |
ბიბლიოგრაფია ტექსტის შენიშვნებში. |
| 653 ## - INDEX TERM--UNCONTROLLED |
| Uncontrolled term |
საქართველოს ძველი ისტორია -- 4-8 სს. საქართველოს პოლიტიკური განვითარება. საქართველოს სოციალურ-ეკონომიკური განვითარება. |
| 700 ## - ADDED ENTRY--PERSONAL NAME |
| Personal name |
დუმბაძე, მ. |
| Relator term |
რედაქტორი |
| 9 (RLIN) |
19192 |
| 700 ## - ADDED ENTRY--PERSONAL NAME |
| Personal name |
თალაკვაძე, მ |
| Relator term |
მხატვარი |
| 9 (RLIN) |
3133 |
| 710 ## - ADDED ENTRY--CORPORATE NAME |
| Corporate name or jurisdiction name as entry element |
საქართველოს სსრ მეცნიერებათა აკადემია, ივ. ჯავახიშვილის სახ. ისტორიის, არქეოლოგიისა და ეთნოგრაფიის ინსტიტუტი. |
| 9 (RLIN) |
18718 |
| 856 ## - ELECTRONIC LOCATION AND ACCESS |
| Uniform Resource Identifier |
https://dspace.nplg.gov.ge/bitstream/1234/378345/5/QartlisPolitikuriDaSocialurEkonomikuriGanvitarebaIV-VIIISaukuneebshi_Gateqstebuli.pdf |
| Link text |
ელექტრონული ვერსია |
| 942 ## - ADDED ENTRY ELEMENTS (KOHA) |
| Source of classification or shelving scheme |
|
| Koha item type |
წიგნი |